000 00535nam a2200181 i 4500
001 76945
003 ES-MaACL
005 20250804062737.0
007 t|
008 041006s1962 sp ||||1| spa d
100 1 _aGurméndez, Carlos (
_d1917-1997)
_960986
245 1 0 _aSer para no ser
_b: ensayo de una dialéctica subjetiva /
_cCarlos Gurméndez.
260 _aMadrid :
_bTecnos,
_c1962.
300 _a134 p. ;
_c23 cm.
650 0 7 _aFilosofía
_2embne
_912802
852 _aES-MaACL
_jC-27943
_bR.57293
999 _c76945
_d76945